Statistics for Governorates of Tunisia

Click here to take the quiz!

General Stats

  • This quiz has been taken 1,589 times
  • The average score is 13 of 24

Answers on the Map

Answers color-coded by a green-red scale on the quiz's map according to % correct below.
 

Answer Stats

Governorate% Correct
Tunis
97%
Sfax
86%
Sousse
75%
Bizerte
66%
Tataouine
64%
Gabès
60%
Kairouan
60%
Monastir
60%
Béja
59%
Nabeul
58%
Ben Arous
53%
Gafsa
53%
Mahdia
53%
Tozeur
51%
Jendouba
49%
Sidi Bouzid
46%
Médenine
44%
Kasserine
43%
Siliana
42%
Zaghouan
42%
Kébili
39%
Le Kef
29%
L'Ariana
27%
La Manouba
22%

Score Distribution

Percentile by Number Answered

Percent of People with Each Score

Your Score History

You have not taken this quiz